| 000 | 00472nam a2200121Ia 4500 | ||
|---|---|---|---|
| 008 | 220620s9999||||xx |||||||||||||| ||und|| | ||
| 245 | 0 | _a70 Years of Levothyroxine | |
| 546 | _aEnglish[eng] | ||
| 650 | _aEndocrinology||Pharmacology/Toxicology||Pharmacology||Thyroid gland||Hypothyroidism||TSH||Thyroid disorders||Metabolism||Open Access | ||
| 700 | _aKahaly, George J. | ||
| 856 | _uhttps://library.oapen.org/bitstream/20.500.12657/47292/1/9783030632779.pdf | ||
| 942 | _cEB | ||
| 999 |
_c33046 _d33046 |
||